Medzipodnikový systém riadenia objednávok
Zaostávanie tradičného systému hromadnej výroby v automobilovom priemysle za novými požiadavkami trhu. Zavádzanie konceptu BTO - build-to-order (výroby na základe objednávky zákazníka). Významná úloha podporných ICT systémov pre riadenie objednávok a plánovanie. Úloha bodu rozpojenia v BTO výrobnom...
Saved in:
| Main Author: | |
|---|---|
| Other Authors: | |
| Format: | Book Chapter |
| Language: | Slovak |
| Subjects: | |
| Tags: |
No Tags, Be the first to tag this record!
|
MARC
| LEADER | 00000naa$a2200000$$$4500 | ||
|---|---|---|---|
| 001 | 0055197 | ||
| 005 | 20231128134156.0 | ||
| 041 | 0 | |a slo | |
| 044 | |a CZ | ||
| 245 | 1 | 0 | |a Medzipodnikový systém riadenia objednávok |c Joerg Mandel, Marek Kyseľ |
| 520 | |a Zaostávanie tradičného systému hromadnej výroby v automobilovom priemysle za novými požiadavkami trhu. Zavádzanie konceptu BTO - build-to-order (výroby na základe objednávky zákazníka). Významná úloha podporných ICT systémov pre riadenie objednávok a plánovanie. Úloha bodu rozpojenia v BTO výrobnom systéme. Vnútropodnikový systém riadenia objednávok a virtuálna banka objednávok (VOB). Vzájomná spolupráca na všetkých úrovniach dodávateľského reťazca. | ||
| 610 | 2 | 0 | |a priemysel automobilový |
| 610 | 2 | 0 | |a výroba |
| 610 | 2 | 0 | |a automobily |
| 610 | 2 | 0 | |a objednávky |
| 610 | 2 | 0 | |a zákazníci |
| 610 | 2 | 0 | |a zásoby |
| 610 | 2 | 0 | |a dodávatelia |
| 610 | 2 | 0 | |a technológie informačné |
| 610 | 2 | 0 | |a technológie komunikačné |
| 610 | 2 | 0 | |a spolupráca podnikov |
| 610 | 2 | 0 | |a kooperácia |
| 100 | 1 | |a Mandel, Joerg | |
| 700 | 1 | |a Kyseľ, Marek | |